The Future of Pakistan / (Record no. 64576)
[ view plain ]
| 000 -LEADER | |
|---|---|
| fixed length control field | 01123nam a22002897a 4500 |
| 005 - DATE AND TIME OF LATEST TRANSACTION | |
| control field | 20140507111401.0 |
| 010 ## - LCCN (DPL NO) | |
| LC control number | ENG-104926 B-483222 B-489103-104 |
| 020 ## - INTERNATIONAL STANDARD BOOK NUMBER | |
| International Standard Book Number | 9780198079774 |
| Terms of availability | 695.00 |
| 020 ## - INTERNATIONAL STANDARD BOOK NUMBER | |
| International Standard Book Number | 019807977x |
| Terms of availability | 695.00 |
| 035 ## - SYSTEM CONTROL NUMBER | |
| System control number | EN-88459 B-483222 B-489103-104 |
| 035 ## - SYSTEM CONTROL NUMBER | |
| System control number | B-514055-059 |
| 037 ## - SOURCE OF ACQUISITION | |
| Source of stock number/acquisition | DBAD/PUB |
| 037 ## - SOURCE OF ACQUISITION | |
| Source of stock number/acquisition | Virtuous Pub/Ven |
| 037 ## - SOURCE OF ACQUISITION | |
| Source of stock number/acquisition | Star Pub/Ven |
| 037 ## - SOURCE OF ACQUISITION | |
| Source of stock number/acquisition | BSB/Ven |
| Stock number | dpl |
| 082 ## - DEWEY DECIMAL CLASSIFICATION NUMBER | |
| Classification number | 303.495491 |
| 100 ## - MAIN ENTRY--PERSONAL NAME | |
| Personal name | Cohen, Stephen P. |
| 245 ## - TITLE STATEMENT | |
| Title | The Future of Pakistan / |
| Statement of responsibility, etc | by Stephen P. Cohen and others |
| 260 ## - PUBLICATION, DISTRIBUTION, ETC. (IMPRINT) | |
| Place of publication, distribution, etc | New Delhi |
| Name of publisher, distributor, etc | Oxford University Press |
| Date of publication, distribution, etc | 2011 |
| 270 ## - ADDRESS | |
| Address | YMCA Library Building, 1 Jai Singh Road |
| City | New Delhi |
| Postal code | 110001 |
| 300 ## - PHYSICAL DESCRIPTION | |
| Extent | xv,311p. |
| Dimensions | 25cm(Hb) |
| 500 ## - GENERAL NOTE | |
| General note | Includes index |
| 942 ## - ADDED ENTRY ELEMENTS (KOHA) | |
| Source of classification or shelving scheme | Dewey Decimal Classification |
| Item type | English Books |
| Call number suffix | COH |
| Classification part | 303.495491 |
| Withdrawn status | Lost status | Not for loan | Collection code | Home library | Current library | Date acquired | Source of acquisition | Cost, normal purchase price | Full call number | Barcode | Copy number | Cost, replacement price | Koha item type |
|---|---|---|---|---|---|---|---|---|---|---|---|---|---|
| Non-fiction | Central Library | Central Library | 18/09/2012 | Virtuous Pub/IN248/18.04.2012/SP/46/30.3.2012/19.06.2012 | 695.00 | 303.495491 COH | B-483222 | 1 | 695.00 | English Books | |||
| Non-fiction | Central Library | Central Library | 07/05/2014 | BSB/892/14.03.2013/169/08.03.2013/23.03.2013 | 695.00 | 303.495491 COH | B-514055 | 1 | 695.00 | English Books | |||
| Not For Loan | Non-fiction | D.B.Act.Division | D.B.Act.Division | 02/04/2012 | DBAD/PUB | 695.00 | 303.495491 COH | EN-88459 | 1 | 695.00 | English Books | ||
| Non-fiction | Janak Puri | Janak Puri | 07/05/2014 | BSB/892/14.03.2013/169/08.03.2013/23.03.2013 | 695.00 | 303.495491 COH | B-514057 | 1 | 695.00 | English Books | |||
| Non-fiction | Patel Nagar | Patel Nagar | 07/05/2014 | BSB/892/14.03.2013/169/08.03.2013/23.03.2013 | 695.00 | 303.495491 COH | B-514056 | 1 | 695.00 | English Books | |||
| Non-fiction | Sarojini Nagar | Sarojini Nagar | 11/03/2013 | Star Pub/2349/27.12.12/128/7.1.2013/8.1.2013 | 695.00 | 303.495491 COH | B-489103 | 1 | 695.00 | English Books | |||
| Non-fiction | Sarojini Nagar | Sarojini Nagar | 07/05/2014 | BSB/892/14.03.2013/169/08.03.2013/23.03.2013 | 695.00 | 303.495491 COH | B-514058 | 1 | 695.00 | English Books | |||
| Non-fiction | Shahdara Branch | Shahdara Branch | 11/03/2013 | Star Pub/2349/27.12.12/128/7.1.2013/8.1.2013 | 695.00 | 303.495491 COH | B-489104 | 1 | 695.00 | English Books | |||
| Written-off vide DLB M. No. 383 dt 16.05.19 | Non-fiction | Shahdara Branch | Shahdara Branch | 07/05/2014 | BSB/892/14.03.2013/169/08.03.2013/23.03.2013 | 695.00 | 303.495491 COH | B-514059 | 1 | 695.00 | English Books |
